Guess the 1970s song lyrics #230 - Statistics

General Stats
  • This quiz has been taken 16 times
  • The average score is 105 of 151
Answer Stats
Answer % Correct
a
100%
I
100%
is
100%
me
100%
You
100%
you
100%
be
92%
the
92%
And
85%
ha
85%
if
85%
in
85%
to
85%
from
77%
gotta
77%
Gotta
77%
have
77%
not
77%
on
77%
that
77%
wanna
77%
with
77%
Don't
69%
for
69%
I'm
69%
Nothing
69%
nothing
69%
something
69%
oh
62%
your
62%
am
54%
leaves
54%
see
54%
too
54%
That's
46%
trying
46%
war
38%
yeah
38%
Yeah
38%
Ah
31%
ah
31%
baby
31%
Cause
31%
girl
31%
hero
31%
poverty
31%
right
31%
soldier
31%
yes
31%
believe
23%
Hey
23%
told
23%
ya
23%
zero
23%
highness
15%
low
15%
minus
15%
remember
15%
bring
8%
cold
8%
stuffing
8%
No matching quizzes found
Score Distribution
Percent of People with Each Score
Percentile by Number Answered
Your Score History
You have not taken this quiz